Online Catalogue and eLibrary

Aspects of ethnicity and gender among the Rodi of Sri LAnka (Record no. 1301)

MARC details
000 -LEADER
fixed length control field 00254nam a2200097Ia 4500
008 - FIXED-LENGTH DATA ELEMENTS--GENERAL INFORMATION
fixed length control field 240331s9999 xx 000 0 und d
082 ## - DDC Classification
Class No. 376
Item Number - Author Mark WEE
100 ## - MAIN ENTRY--PERSONAL NAME
Personal name Weeratunge,N
245 #0 - TITLE STATEMENT
Title Aspects of ethnicity and gender among the Rodi of Sri LAnka
942 ## - Koha item type (Biblio)
Koha item type Books in Stacks (Lending)
Holdings
Lost status Damaged status Collection code Home library Current library Shelving location Date acquired Full call number Accession Number Item type
    Lending WERC Library WERC Library Social Science Cupboard 03/31/2024 376 WEE 5986 Books in Stacks (Lending)

© WERC Library